000 00934nam a22002537a 4500
999 _c3437
_d3437
003 AR-CdUCM
008 190306b ||||| |||| 00| 0 spa d
040 _aMUNICIPALIDAD PROVINCIAL DEL CUSCO
_cBIBLIOTECA MUNICIPAL DEL CUSCO
082 _a869.56 /
_bG216
100 _aGarcía Calderón, Ventura
_93435
245 _aObras escogidas /
260 _aPerú :
_bEdic. Edubanco,
_c1986.
300 _a632 paginas ;
_c20 cm.
505 _aContenido :La literatura peruana --Bajo el clamor de las sirenas --En la verrena de Madrid --Cantilenas --La venganza del cóndor ...
650 _aLiteratura peruana
_9169
650 _aLiteratos arequipeños
_911331
650 _aCrónicas
_9247
650 _aPerú republicano
_97837
650 _aProsa peruana
_911332
650 _aSiglo XX
_98
710 _aFundación del Banco Continental para el Fomento de la Educación y la Cultura
_911333
942 _2ddc
_cLIBROS
945 _arjall